| 000 | 00700nam a2200229 i 4500 | ||
|---|---|---|---|
| 001 | 101627 | ||
| 003 | ES-MaACL | ||
| 005 | 20230906182939.0 | ||
| 007 | t| | ||
| 008 | 051021s1967 an ||||1| spa d | ||
| 100 | 1 |
_aMeersch, Francoise van der. _979797 |
|
| 245 | 1 | 0 |
_aReligiosa... por qué / _cFrancoise van der Meersch; [traducido del francés por Antonio Martí Lloret]. |
| 250 | _a1ª ed. | ||
| 260 |
_aAndorra : _bCasal i Vall, _c1967. |
||
| 300 |
_a160 p. ; _c19 cm. |
||
| 490 | 1 |
_aJalones ; _v12 |
|
| 650 | 0 | 0 |
_aVocación religiosa. _917844 |
| 700 | 1 |
_aMartí Lloret, Antonio. _977222 |
|
| 830 | 1 |
_aJalones ; _v12 _9182629 |
|
| 852 |
_aES-MaACL _jC-33216 |
||
| 999 |
_c101627 _d101627 |
||